000 00369nam a2200157Ia 4500
008 230917s9999||||xx |||||||||||||| ||und||
020 _cRS40
040 _e142575
_aMAIN
041 _aEnglish
082 _a940.28 M278E
100 _aMahajan, Saneh
245 0 _aEurope ka Itihas
260 _aDelhi
_bPargati Publications
_c1981
300 _a290 p.
942 _cBK
999 _c222084
_d222084